000 00675nam a2200289Ia 4500
005 20260324140320.0
008 008 260324s9999 xx 000 0 eng d
020 _a9780203165355
037 _aEBOOK
040 _aCRL
040 _beng
040 _cCRL
041 _2eng
041 _aeng
084 _qCRL
100 _aRizal Sukma
_91193767
245 0 _aIndonesia and China
245 4 _bThe Politics of a Troubled Relationship
260 _bTaylor and Francis
260 _c1999
365 _a
365 _b230
856 _uhttp://www.taylorfrancis.com/books/9780203165355
942 _cEBOOK
999 _c1805881
_d1805881